000 00398nam a2200121Ia 4500
008 171212s9999 xx 000 0 und d
020 _a9781909254008
100 _aRoncaglia, Sara
245 _cRoncaglia, Sara
_aFeeding the City
_bWork and Food Culture of the Mumbai Dabbawalas
260 _bOpen Book Publishers
_c2013
650 _aAnthropology
856 _uhttp://www.jstor.org/stable/j.ctt5vjtm6
999 _c351576
_d351576